Pro geography - Statistics

General Stats
  • This quiz has been taken 60 times
  • The average score is 12 of 20
Answer Stats
Hint Answer % Correct
Which country has the longest coastline? Canada
94%
What is the largest island of Greece? Crete
89%
Name the largest lake in Africa Lake Victoria
87%
Name the British territory in the Mediterranean Gibraltar
83%
Москва, or moskva, is the name of which capital city? Moscow
81%
Which country is the second largest in Europe? Ukraine
79%
What is the capital of Liechtenstein? Vaduz
79%
What is the British territory closest to Argentina? Falkland Islands
77%
What is the island where Haiti and Dominican Rep. is located? Hispaniola
77%
Name the largest Caribbean territory belongs to USA Puerto Rico
77%
What is the largest inland body of water? Caspian Sea
64%
Name a country that borders Equatorial Guinea Cameroon | Gabon
60%
Name one Spanish territory in Morocco Ceuta | Melilla
55%
What is the French territory that is close to Mauritius? Réunion
49%
Name the capital of the country that was previously named Ceylon Sri Jayawardenepura Kotte
38%
Name the largest French territory in the Pacific French Polynesia
26%
What is the largest island of Yemen that lies on the entrance of the Gulf of Aden? Socotra
23%
Which US group of islands are closest to Russia? Aleutian Islands
15%
Name the territory that has constant rivalry with Israel Palestinian Territory
11%
What is the nickname of Galápagos Islands? Enchanted Islands
2%
No matching quizzes found
Score Distribution
Percent of People with Each Score
Percentile by Number Answered
Your Score History
You have not taken this quiz